书目信息 |
| 题名: |
撞击流反应器:原理和应用
|
|
| 作者: | 伍沅 译 | |
| 分册: | ||
| 出版信息: | 北京 化学工业出版社 1996.06 |
|
| 页数: | 337页 | |
| 开本: | 16开 | |
| 丛书名: | ||
| 单 册: | ||
| 中图分类: | TQ052 | |
| 科图分类: | ||
| 主题词: | 化工机械 , 化工设备 | |
| 电子资源: | ||
| ISBN: | 7-5025-1674-3 | |
| 000 | 00584nam0 2200205 45 | |
| 001 | 0010031720 | |
| 005 | 20001003172554.6 | |
| 010 | @a7-5025-1674-3@d50.00元 | |
| 100 | @a20001003d1996 km y0chiy0120 ea | |
| 101 | 0 | @achi |
| 105 | @a z 000yy | |
| 200 | 1 | @a撞击流反应器:原理和应用@AZhuang Ji Liu Fan Ying Qi:Yuan Li He Ying Yong@f伍沅译@FWu Yuan Yi |
| 210 | @a北京@c化学工业出版社@d1996.06 | |
| 215 | @a337页@d16开 | |
| 606 | 0 | @a化工机械 |
| 606 | 0 | @a化工设备 |
| 690 | @aTQ052@v3 | |
| 701 | 0 | @a伍沅@4译 |
| 801 | @aCN@bPftUser@c20001003 | |
| 905 | @b170393-395@dTQ052@eW.689@f3 | |
| 撞击流反应器:原理和应用/伍沅译.-北京:化学工业出版社,1996.06 |
| 337页;16开 |
| ISBN 7-5025-1674-3:50.00元 |
| ● |
| 相关链接 |
|
|
|
正题名:撞击流反应器:原理和应用
索取号:TQ052/W.689
 
预约/预借
| 序号 | 登录号 | 条形码 | 馆藏地/架位号 | 状态 | 备注 |
| 1 | 170393 | 201703932 | 自科库501/501自科库 138排6列1层/ [索取号:TQ052/W.689] | 在馆 | |
| 2 | 170394 | 201703941 | 自科库501/501自科库 138排6列1层/ [索取号:TQ052/W.689] | 在馆 | |
| 3 | 170395 | 201703950 | 期刊室512/501自科库 138排6列1层/ [索取号:TQ052/W.689] | 在馆 |